00593nam a2200205 a 4500001001300000003000900013005001700022008004100039020002500080082001800105100002200123245005600145260005000201300000900251500003500260505001000295650002300305650003700328700002200365nice12345678IN_TiNIC20260116013101.0050524s1995 cama grp 000 0 eng  a0521457 c884.300a230.0941bWIL aWilliams, Stephen aRevelation and Reconciliationb Window on Modernity aCambridge bCambridge University Press c1995 a180p aincludes index and biblioraphy2 aIndex aTheology-Doctrinal aReconciliation-Religious Aspects1 aWilliams, Stephen